| 000 | 00436nam a2200169Ia 4500 | ||
|---|---|---|---|
| 005 | 20250423100850.0 | ||
| 008 | 250422s9999 xx 000 0 und d | ||
| 020 | _a0- 07- 060219 -0 | ||
| 050 | _aQA 403 .5 .S66/ | ||
| 100 | _aMurray R. Spiegel | ||
| 245 | 0 | _aSchaum's outline of theory and problems of fourier analysis | |
| 260 | _bMCGraw- Hill | ||
| 260 | _c1974 | ||
| 300 | _a191 p | ||
| 650 | _aFourier analysis | ||
| 942 | _cBK | ||
| 999 |
_c34578 _d34578 |
||